La fede della chiesa / (Record n. 27677)

Dettagli MARC
000 -LEADER
fixed length control field 00817nam a2200265 i 4500
003 - CONTROL NUMBER IDENTIFIER
control field IT-RoINE
005 - DATE AND TIME OF LATEST TRANSACTION
control field 20201020094347.0
008 - FIXED-LENGTH DATA ELEMENTS--GENERAL INFORMATION
fixed length control field 020817s1978 it |||||r |||0|||ita d
040 ## - CATALOGING SOURCE
Transcribing agency IT-RoINE
Modifying agency IT-RoINE
041 #7 - LANGUAGE CODE
Language code of text/sound track or separate title ita
Source of code ISO-639-2
100 0# - MAIN ENTRY--PERSONAL NAME
Personal name Juan Pablo
Numeration II,
Titles and other words associated with a name Papa, Santo,
Dates associated with a name 1920-2005
9 (RLIN) 2834
245 13 - TITLE STATEMENT
Title La fede della chiesa /
Statement of responsibility, etc interventi del card. Karol Wojtyla.
250 ## - EDITION STATEMENT
Edition statement 2. ed.
260 ## - PUBLICATION, DISTRIBUTION, ETC. (IMPRINT)
Place of publication, distribution, etc Milano :
Name of publisher, distributor, etc Ares,
Date of publication, distribution, etc 1978.
300 ## - PHYSICAL DESCRIPTION
Extent 97 p. ;
Dimensions 18 cm.
336 ## - CONTENT TYPE
Source rdacontent
Content type term text
337 ## - MEDIA TYPE
Source rdamedia
Media type term unmediated
338 ## - CARRIER TYPE
Source rdacarrier
Carrier type term volume
500 ## - GENERAL NOTE
General note Número monográfico de la revista mensual: CRIS documenti (1978)
650 #4 - SUBJECT ADDED ENTRY--TOPICAL TERM
9 (RLIN) 3501
Topical term or geographic name as entry element Libertad religiosa
650 #4 - SUBJECT ADDED ENTRY--TOPICAL TERM
9 (RLIN) 20284
Topical term or geographic name as entry element Sacerdocio
650 #4 - SUBJECT ADDED ENTRY--TOPICAL TERM
9 (RLIN) 1444
Topical term or geographic name as entry element Espiritualidad
650 #4 - SUBJECT ADDED ENTRY--TOPICAL TERM
9 (RLIN) 4515
Topical term or geographic name as entry element Fe
General subdivision Meditaciones
942 ## - ADDED ENTRY ELEMENTS (KOHA)
Item type Monografías
Dati di copia
Withdrawn status Lost status Damaged status Not for loan Home library Current library Date acquired Total Checkouts Full call number Barcode Date last seen Price effective from Koha item type
        Iglesia Nacional Española en Roma Iglesia Nacional Española en Roma 20/11/2018   TEO 2194 53418 20/11/2018 20/11/2018 Monografías